[Event "AUTO-INT-642"]
[Site "http://www.queenalice.com/game.php?id=283002"]
[Date "2007.10.8"]
[Round "1"]
[White "Natan"]
[Black "gutoamora"]
[Result "0-1"]
[WhiteElo "1334"]
[BlackElo "1390"]

1. e4 d5 2. Bb5+ Bd7 3. Nc3 dxe4 4. Bxd7+ Qxd7 5. Nxe4 Nf6 6. Nc5 Qd5 7. Nd3
Qxg2 8. Qf3 Qxf3 9. Nxf3 Nc6 10. h4 e5 11. Nc5 Bxc5 12. Rg1 g6 13. Rg5 Ne4 14.
Nxe5 Bxf2+ 15. Kf1 Nxg5 16. hxg5 Bd4 17. Nf3 Bb6 18. d3 O-O 19. c4 f6 20. gxf6
Rxf6 21. Kg2 h5 22. Bg5 Rf5 23. a4 Bd4 24. b3 Bxa1 25. Nh4 Rxg5+ 26. Kf3 Rf5+
27. Ke4 Nb4 0-1

[Event "AUTO-INT-642"]
[Site "http://www.queenalice.com/game.php?id=283003"]
[Date "2007.10.8"]
[Round "1"]
[White "gutoamora"]
[Black "Natan"]
[Result "1-0"]
[WhiteElo "1404"]
[BlackElo "1320"]

1. d4 Nf6 2. f4 Nc6 3. Nf3 d6 4. e3 Ng4 5. Ng5 Nxe3 6. Bxe3 f6 7. Ne4 d5 8. Ng3
e6 9. Nc3 f5 10. Bb5 a6 11. Bxc6+ bxc6 12. Na4 Bb4+ 13. Bd2 Rb8 14. Qh5+ g6 15.
Qh6 Qf6 16. Nh5 Qh4+ 17. g3 Qxh5 18. Qxh5 gxh5 19. Bxb4 Rxb4 20. b3 Rxd4 21. O-O
a5 22. c3 Re4 23. Nc5 Re3 24. Rad1 Rxc3 25. Na4 Rc2 26. Rf2 Rxf2 27. Kxf2 Rg8
28. Nc3 1-0

[Event "AUTO-INT-642"]
[Site "http://www.queenalice.com/game.php?id=283018"]
[Date "2007.10.8"]
[Round "1"]
[White "castlerock"]
[Black "gutoamora"]
[Result "1-0"]
[WhiteElo "1250"]
[BlackElo "1409"]

1. e4 Nc6 2. d4 e5 3. Nf3 Nf6 4. Nc3 d6 5. Bb5 a6 6. Bc4 Bg4 7. Be2 exd4 8. Nd5
Nxe4 9. Qd3 Bf5 10. Qd1 Nf6 11. Bg5 h6 12. Bh4 g5 13. Bg3 Nxd5 14. Nxd4 Bh7 15.
O-O Nxd4 16. Qxd4 Nf6 17. Rae1 Bxc2 18. Bd3+ Be7 19. Bxc2 b5 20. Re3 c5 21. Qd1
O-O 22. Rfe1 Nd5 23. Qxd5 Ra7 24. Qe4 Re8 25. Qh7+ 1-0

[Event "AUTO-INT-642"]
[Site "http://www.queenalice.com/game.php?id=283019"]
[Date "2007.10.8"]
[Round "1"]
[White "gutoamora"]
[Black "castlerock"]
[Result "1-0"]
[WhiteElo "1408"]
[BlackElo "1268"]

1. d4 c5 2. e4 e6 3. Nf3 Nf6 4. Nc3 d6 5. Bb5+ Bd7 6. O-O a6 7. Ba4 b5 8. Bb3 c4
9. Bxc4 bxc4 10. Qe2 Qc8 11. Bg5 Be7 12. e5 Nd5 13. Nxd5 exd5 14. Bxe7 Be6 15.
Bxd6 Nc6 16. b3 Bg4 17. bxc4 Nxd4 18. Qd1 Qxc4 19. Qb1 Bxf3 20. gxf3 Nxf3+ 21.
Kg2 Nd2 22. Qb7 Qe4+ 23. Kh3 Qf3+ 24. Kh4 Qe4+ 25. f4 g5+ 26. Kg3 Qe3+ 27. Kg4
h5+ 28. Kxg5 Ne4+ 29. Kh4 Ra7 30. Qc8# 1-0

[Event "AUTO-INT-642"]
[Site "http://www.queenalice.com/game.php?id=283028"]
[Date "2007.10.8"]
[Round "1"]
[White "diego2907"]
[Black "gutoamora"]
[Result "1-0"]
[WhiteElo "1726"]
[BlackElo "1322"]

1. e4 Nf6 2. d3 e5 3. Bg5 d6 4. Nc3 Be7 5. h3 d5 6. Bxf6 Bxf6 7. exd5 b6 8. Be2
Na6 9. Nf3 Nb4 10. a3 Nxd5 11. Nxd5 Qxd5 12. c4 Qb7 13. Qc2 O-O 14. b4 e4 15.
dxe4 Bxa1 16. Bd1 Re8 17. O-O Rxe4 18. Ng5 Re7 19. Qxh7+ Kf8 20. Qh8# 1-0

[Event "AUTO-INT-642"]
[Site "http://www.queenalice.com/game.php?id=283029"]
[Date "2007.10.8"]
[Round "1"]
[White "gutoamora"]
[Black "diego2907"]
[Result "0-1"]
[WhiteElo "1324"]
[BlackElo "1734"]

1. d4 d5 2. f4 Bf5 3. e3 Nc6 4. Nf3 e6 5. Bb5 a6 6. Bxc6+ bxc6 7. Ne5 Ne7 8. g4
Be4 9. O-O Ng6 10. Nxc6 Qd7 11. Ne5 Qc8 12. Nxg6 hxg6 13. Nc3 f5 14. gxf5 gxf5
15. Nxe4 dxe4 16. c4 Qd8 17. d5 Qh4 18. dxe6 Qxh2# 0-1

[Event "Challenge"]
[Site "http://www.queenalice.com/game.php?id=283257"]
[Date "2007.10.8"]
[Round "-"]
[White "gutoamora"]
[Black "eriquec"]
[Result "1-0"]
[WhiteElo "1417"]
[BlackElo "1130"]

1. d4 e6 2. Nf3 f5 3. Bg5 Ne7 4. Nc3 h6 5. Bh4 g5 6. Bg3 f4 7. Bxf4 gxf4 8. Qd2
Ng6 9. Ne5 Rg8 10. Nxg6 Rxg6 11. Qxf4 Bd6 12. Qe3 b6 13. Nb5 Bb4+ 14. c3 Ba5 15.
b4 c6 16. Nd6+ Ke7 17. Nxc8+ Qxc8 18. bxa5 bxa5 19. Qc1 Qf8 20. Qe3 Na6 21. Qd3
Nc7 22. Qxg6 Nd5 23. e3 Nxc3 24. Qxh6 Ne4 25. Qxf8+ Kxf8 26. f3 Nc3 27. Bc4 d5
28. Rc1 Nxa2 29. Bxa2 Rb8 30. g4 Rb2 31. Ra1 a4 32. h4 Rc2 33. h5 Kg7 34. h6+
Kh7 35. g5 Rg2 36. f4 a5 37. e4 dxe4 38. Bxe6 Kg6 39. f5+ Kh7 40. g6+ Kh8 41.
g7+ Kh7 42. g8=Q+ Rxg8 43. Bxg8+ Kxg8 44. h7+ 1-0

[Event "AUTO-BEG-146"]
[Site "http://www.queenalice.com/game.php?id=283369"]
[Date "2007.10.9"]
[Round "1"]
[White "KARPOVBR"]
[Black "gutoamora"]
[Result "1-0"]
[WhiteElo "1285"]
[BlackElo "1418"]

1. e4 e5 2. Ne2 Nf6 3. d3 Bb4+ 4. Bd2 Bxd2+ 5. Qxd2 d5 6. Nbc3 dxe4 7. O-O-O
exd3 8. cxd3 Bg4 9. f3 Bh5 10. g4 Bg6 11. h4 Qxd3 12. Qxd3 Bxd3 13. Rxd3 O-O 14.
Bg2 Nc6 15. Rhd1 Nb4 16. R3d2 a5 17. f4 exf4 18. Bxb7 Rab8 19. g5 Rxb7 20. Rd8
h6 21. gxf6 gxf6 22. Rg1+ 1-0

[Event "AUTO-BEG-146"]
[Site "http://www.queenalice.com/game.php?id=283370"]
[Date "2007.10.9"]
[Round "1"]
[White "gutoamora"]
[Black "KARPOVBR"]
[Result "0-1"]
[WhiteElo "1398"]
[BlackElo "1648"]

1. e4 e5 2. Nf3 d6 3. d4 exd4 4. Nxd4 Qe7 5. Nc3 Nf6 6. Nd5 Nxd5 7. Nf5 Qxe4+ 8.
Ne3 Be7 9. Qxd5 Qb4+ 10. c3 Qb6 11. Nc4 Qc6 12. Qxc6+ bxc6 13. Bd3 O-O 14. O-O
Na6 15. Na5 Nc5 16. Nxc6 Re8 17. Bb5 Bf6 18. Nxa7 Bd7 19. Bxd7 Nxd7 20. Nb5 Re5
21. Nxc7 Rc8 22. Na6 Rce8 23. Bf4 Re2 24. Bxd6 Rxb2 25. c4 Rb6 26. Nc7 Rc8 27.
Nd5 Rxd6 28. Rfd1 Kf8 29. Nxf6 Rxf6 30. Rxd7 Rxc4 31. Re1 g6 32. Ra1 Rc2 33. f3
Re6 34. a4 Ree2 35. a5 Rxg2+ 36. Kh1 Rxh2+ 37. Kg1 Rhg2+ 38. Kf1 Rh2 39. Kg1
Rcg2+ 40. Kf1 Re2 41. a6 Rhf2+ 42. Kg1 Rxf3 43. a7 Rg3+ 44. Kf1 Rge3 45. a8=Q+
Re8 46. Qf3 R8e7 47. Rxe7 Rxe7 48. Kf2 Kg7 49. Qa3 Re6 50. Qb3 g5 51. Re1 Rf6+
52. Ke2 Re6+ 53. Kf2 Rf6+ 54. Kg3 h5 55. Rh1 Kh6 0-1

[Event "AUTO-BEG-146"]
[Site "http://www.queenalice.com/game.php?id=283395"]
[Date "2007.10.9"]
[Round "1"]
[White "Romerflu"]
[Black "gutoamora"]
[Result "1-0"]
[WhiteElo "1280"]
[BlackElo "1393"]

1. b3 d5 2. Bb2 Nc6 3. a4 Bf5 4. Nc3 Nb4 5. d3 e5 6. e4 dxe4 7. g4 Be6 8. Nxe4
Qd5 9. Bg2 Qc6 10. Bxe5 Nxc2+ 11. Kd2 Bb4+ 12. Kc1 Nxa1+ 13. Kb1 Bxb3 14. Qc1
Qxa4 15. Qb2 Rd8 16. Qxa1 Qxa1+ 17. Kxa1 Rxd3 18. Bxg7 a5 19. Bxh8 a4 20. Ne2
Bd1 21. N4c3 Bb3 22. Nc1 Rd2 23. Re1+ Kd7 24. g5 Rxf2 25. Bxb7 Rxh2 26. Be5 Rc2
27. Be4 Rg2 28. Bf5+ Be6 29. Bxe6+ Kxe6 30. Bd4+ Kf5 31. Re2 Rxg5 32. Re5+ Kg6
33. Nxa4 h5 34. Nd3 h4 35. Nxb4 h3 36. Nd3 Nh6 37. Nf4+ Kf6 38. Re6+ Kf5 39.
Rxh6 Rg3 40. Nxh3 Ra3+ 41. Kb2 Rxa4 42. Kc3 Ke4 43. Bc5 Kd5 44. Bf8 c5 45. Kb3
Rb4+ 46. Kc3 Rb8 47. Bg7 c4 48. Nf4+ Kc5 49. Rh5+ Kc6 50. Kxc4 1-0

[Event "AUTO-BEG-146"]
[Site "http://www.queenalice.com/game.php?id=283396"]
[Date "2007.10.9"]
[Round "1"]
[White "gutoamora"]
[Black "Romerflu"]
[Result "1-0"]
[WhiteElo "1376"]
[BlackElo "1301"]

1. e4 g6 2. d4 Nf6 3. Nc3 b6 4. Bg5 d6 5. Bb5+ c6 6. Ba4 b5 7. Bb3 Ng4 8. Nf3 h6
9. Bh4 g5 10. Bg3 c5 11. dxc5 dxc5 12. Qxd8+ Kxd8 13. Nxb5 Nc6 14. Rd1+ Bd7 15.
Bxf7 Rb8 16. Bxb8 Nxb8 17. Nxa7 Nf6 18. Be6 Ke8 19. Bxd7+ Nbxd7 20. a4 Nxe4 21.
Nc6 Bg7 22. b3 Bc3+ 23. Nd2 Bxd2+ 24. Rxd2 Nxd2 25. Kxd2 e5 26. Re1 Rf8 27. f3
Rf6 28. Nxe5 Rf5 29. Nc6+ Kf8 30. a5 Rd5+ 31. Kc3 Rd6 32. Ne7 h5 33. Nf5 Rf6 34.
Rd1 Ke8 35. Ng3 Ra6 36. Ra1 h4 37. Ne4 Ne5 38. Nxg5 Rg6 39. a6 Nd7 40. a7 Nb6
41. a8=Q+ Nxa8 42. Rxa8+ Ke7 43. Ne4 Rxg2 44. Nxc5 Rxh2 45. b4 h3 46. Rh8 Rh1
47. b5 Kf7 48. b6 Kg7 49. Rh4 h2 50. b7 Kg6 51. b8=Q Ra1 52. Qxh2 Ra3+ 53. Nb3
Kg5 54. f4+ Kf5 55. Qh3+ 1-0

[Event "AUTO-INT-678"]
[Site "http://www.queenalice.com/game.php?id=300681"]
[Date "2007.11.8"]
[Round "1"]
[White "lelinho"]
[Black "gutoamora"]
[Result "1-0"]
[WhiteElo "1704"]
[BlackElo "1418"]

1. d4 d5 2. c4 dxc4 3. e3 Nf6 4. Bxc4 Nc6 5. Nc3 Bg4 6. f3 Bh5 7. Nge2 e5 8. O-O
Bb4 9. d5 Na5 10. Qa4+ Nc6 11. dxc6 Bxc3 12. cxb7+ Qd7 13. bxa8=Q+ 1-0

[Event "AUTO-INT-678"]
[Site "http://www.queenalice.com/game.php?id=300682"]
[Date "2007.11.8"]
[Round "1"]
[White "gutoamora"]
[Black "lelinho"]
[Result "0-1"]
[WhiteElo "1406"]
[BlackElo "1823"]

1. d4 Nf6 2. Nf3 g6 3. Bg5 Bg7 4. Bxf6 Bxf6 5. Nc3 d6 6. Nd5 Bg7 7. Ng5 e6 8.
Nc3 Qxg5 9. e4 Nc6 10. Qd2 Qxd2+ 11. Kxd2 Nxd4 12. Rd1 a6 13. Kc1 c5 14. Bc4 b5
15. Bd3 c4 16. Bxc4 bxc4 17. Rhe1 O-O 18. Na4 Rb8 19. h4 Bd7 20. Nc3 Rb6 21.
Rxd4 Bxd4 22. Ne2 Bxb2+ 0-1

[Event "AUTO-INT-678"]
[Site "http://www.queenalice.com/game.php?id=300695"]
[Date "2007.11.8"]
[Round "1"]
[White "kanibal"]
[Black "gutoamora"]
[Result "1-0"]
[WhiteElo "1568"]
[BlackElo "1422"]

1. e4 Nf6 2. Nc3 e5 3. Nf3 Nc6 4. Bb5 Bc5 5. Bxc6 bxc6 6. Nxe5 d6 7. Ng4 Bxg4 8.
Ne2 Nxe4 9. f3 Nf2 10. fxg4 Nxd1 11. Kxd1 Qd7 12. h3 O-O 13. d3 Rfe8 14. Bd2
Rab8 15. b3 Qe7 16. Re1 Bb4 17. Bxb4 c5 18. Ba5 Qh4 19. Bxc7 Rbc8 20. Bxd6 Re6
21. Bf4 Rce8 22. g3 Qxh3 23. Kd2 Qxg4 24. Rad1 Rxe2+ 25. Rxe2 Rxe2+ 26. Kc3 Rf2
27. Re1 Rxf4 28. gxf4 h6 29. Re4 h5 30. Kc4 f5 31. Re8+ Kf7 32. Rc8 h4 33. Rxc5
Qxf4+ 34. d4 h3 35. Rc7+ Qxc7+ 36. Kd3 h2 37. c4 1-0

[Event "AUTO-INT-678"]
[Site "http://www.queenalice.com/game.php?id=300696"]
[Date "2007.11.8"]
[Round "1"]
[White "gutoamora"]
[Black "kanibal"]
[Result "0-1"]
[WhiteElo "1398"]
[BlackElo "1594"]

1. e4 d5 2. Nc3 d4 3. Nb5 e5 4. Nf3 a6 5. Na3 Bg4 6. Bc4 Nf6 7. h3 Bxf3 8. Qxf3
Bxa3 9. Qxa3 b5 10. Bd5 Ra7 11. Qb3 O-O 12. d3 Nxd5 13. exd5 c6 14. dxc6 Nxc6
15. g4 Qf6 16. h4 Qf3 17. Rf1 Qxg4 18. f3 Qg3+ 19. Ke2 Qg2+ 20. Ke1 Qg3+ 21. Kd1
Qxh4 22. f4 Qg4+ 23. Ke1 exf4 24. Rxf4 Qg3+ 25. Kd1 Ne5 26. Rxd4 Qg1+ 0-1

[Event "AUTO-INT-678"]
[Site "http://www.queenalice.com/game.php?id=300703"]
[Date "2007.11.8"]
[Round "1"]
[White "Double_Two"]
[Black "gutoamora"]
[Result "1-0"]
[WhiteElo "1638"]
[BlackElo "1413"]

1. e4 e5 2. Nf3 Nc6 3. Bb5 Nf6 4. d3 Nd4 5. Nxd4 exd4 6. Nd2 c6 7. Bc4 d5 8.
exd5 cxd5 9. Bb3 Bb4 10. Qe2+ Qe7 11. Qxe7+ Bxe7 12. O-O O-O 13. Nf3 Bc5 14. Bg5
Bg4 15. Ne5 Nh5 16. Nxg4 a5 17. Bxd5 b5 18. Bxa8 Rxa8 19. Ne5 f6 20. Nd7 Ba7 21.
Bd2 Rd8 22. g4 Ng3 23. Nxf6+ Kf7 24. fxg3 gxf6 25. Bg5 1-0

[Event "AUTO-INT-678"]
[Site "http://www.queenalice.com/game.php?id=300704"]
[Date "2007.11.8"]
[Round "1"]
[White "gutoamora"]
[Black "Double_Two"]
[Result "0-1"]
[WhiteElo "1404"]
[BlackElo "1656"]

1. d4 d5 2. Nc3 Bf5 3. Nxd5 Qxd5 4. f3 Nc6 5. Bf4 O-O-O 6. e4 Qa5+ 7. c3 Rxd4 8.
Bd2 Rd6 9. exf5 Qe5+ 10. Ne2 Qxf5 11. Qa4 Nf6 12. Nd4 Nxd4 13. cxd4 a6 14. g4
Qxf3 15. Be2 Qxh1+ 16. Bf1 Qe4+ 17. Be2 Rxd4 18. Qa5 Nxg4 19. Rc1 Qh1+ 20. Bf1
Re4+ 21. Kd1 Qxf1+ 22. Kc2 Rc4+ 23. Bc3 Ne3+ 24. Kd2 Qf2+ 25. Kd3 Rc6 26. Qa4
Nc4 27. Bd4 Nxb2+ 28. Ke4 f5+ 29. Ke5 Qe2+ 0-1

[Event "Let's Play Chess!"]
[Site "http://www.queenalice.com/game.php?id=329041"]
[Date "2008.1.1"]
[Round "-"]
[White "gutoamora"]
[Black "elche"]
[Result "0-1"]
[WhiteElo "1412"]
[BlackElo "1634"]

1. d4 d5 2. Nf3 e6 3. Nc3 Nf6 4. Bg5 Be7 5. Qd3 O-O 6. Ne5 Nfd7 7. Bxe7 Qxe7 8.
g4 f6 9. Nxd7 Nxd7 10. Bg2 Nb6 11. f3 Qb4 12. Rb1 Qc4 13. Qxc4 Nxc4 14. b3 Na3
15. Rc1 c6 16. e4 dxe4 0-1

[Event "Let's Play Chess!"]
[Site "http://www.queenalice.com/game.php?id=329043"]
[Date "2008.1.1"]
[Round "-"]
[White "gutoamora"]
[Black "elche"]
[Result "0-1"]
[WhiteElo "1405"]
[BlackElo "1641"]

1. d4 d5 2. Nc3 e6 3. e4 dxe4 4. Nxe4 Nf6 5. Nxf6+ Qxf6 6. Nf3 Qe7 7. Bg5 Qb4+
8. c3 Qxb2 9. Bd3 Qxc3+ 10. Kf1 f6 11. Rc1 Qb2 12. Rc2 Qa3 13. Bc1 Qd6 14. Bb5+
c6 15. Ba4 b5 16. Bb3 Bb7 17. Be3 Be7 0-1